[Event "GER-ch U25 op"]
[Site "Willingen"]
[Date "2009.06.01"]
[Round "3"]
[White "Mueller, Jan Hendrik"]
[Black "Wenninger, Philipp"]
[Result "1/2-1/2"]
[WhiteElo "2090"]
[BlackElo "1984"]
[PlyCount "156"]
[EventDate "2009.05.30"]
[EventType "swiss"]
[EventRounds "9"]
[EventCountry "GER"]
[SourceTitle "EXT 2010"]
[Source "ChessBase"]
[SourceDate "2010.11.25"]
[SourceVersion "1"]
[SourceVersionDate "2010.11.25"]
[SourceQuality "1"]

1. d4 Nf6 2. Nf3 c5 3. d5 d6 4. Nc3 g6 5. e4 Bg7 6. Bg5 Bg4 7. h3 Bxf3 8. Qxf3 0-0 9. Bc4 Nbd7 10. 0-0 Rb8 11. a4 a6 12. Qe2 Ne5 13. Ba2 h6 14. Bh4 g5 15. Bg3 Ng6 16. Bc4 Nd7 17. Nd1 Nde5 18. c3 Nxc4 19. Qxc4 b5 20. axb5 axb5 21. Qe2 e5 22. Ne3 Ne7 23. Ra7 f5 24. exf5 Nxf5 25. Nxf5 Rxf5 26. Rfa1 Rf7 27. Rxf7 Kxf7 28. Ra7+ Kg8 29. Qg4 Qe8 30. Qf5 Kh8 31. h4 Ra8 32. Rd7 Rd8 33. Rb7 Qh5 34. Rxb5 Rf8 35. Qe4 gxh4 36. Qxh4 Qd1+ 37. Kh2 Qxd5 38. Qe7 Qd1 39. f3 Qd3 40. Rb7 Qg6 41. Rb6 Rf5 42. Bh4 Rf4 43. Bg3 Rf5 44. Bh4 Bf8 45. Qd8 Kg8 46. Be7 Rh5+ 47. Kg1 Qb1+ 48. Kf2 Qc2+ 49. Ke3 Qc1+ 50. Ke2 Qc2+ 51. Ke3 Qc1+ 52. Ke4 Qf4+ 53. Kd3 c4+ 54. Ke2 Rh2 55. Qxf8+ Qxf8 56. Bxf8 Kxf8 57. Rxd6 Rxg2+ 58. Ke3 Rxb2 59. Rc6 Ke7 60. Rxc4 Rh2 61. Rc6 Kd7 62. Rg6 Rh4 63. Rf6 Ke7 64. Rc6 Kd7 65. Rg6 h5 66. Rh6 Ke7 67. Kf2 Rc4 68. Rxh5 Ke6 69. Rh8 Rxc3 70. Re8+ Kd6 71. Rd8+ Ke7 72. Ra8 Rb3 73. Ra6 Rd3 74. Ke2 Rd6 75. Ra5 Ke6 76. Ke3 Rb6 77. Ra8 Rb3+ 78. Ke4 Rb4+ 1/2-1/2